000 00615nam a2200193 i 4500
001 63673
003 ES-MaACL
005 20230906164935.0
007 t|
008 031215s1969 sp ||||1| spa d
100 1 _aFialla, J.
_950668
245 1 3 _aEl transistor en la práctica /
_cJ. Fialla y B. Almind ; [traducido por M.S. Benzaquen ; revisado por J. Sánchez Solera].
260 _aMadrid :
_bParaninfo,
_c1969.
300 _a207 p. :
_bil. ;
_c22 cm.
700 1 _aAlmind, B.
_920150
700 1 _aBenzaquen, M. S.
_927809
700 1 _aSánchez Solera, J.
_9102941
852 _aES-MaACL
_jC-46868
_bR.71726
999 _c63673
_d63673